| 000 | 00826cam a2200265 4500 | ||
|---|---|---|---|
| 999 |
_c5928 _d5928 |
||
| 001 | 5928 | ||
| 003 | BD-JhCC | ||
| 005 | 20171231133823.0 | ||
| 008 | 690813s1966 ru a 000 0 eng | ||
| 035 | _a(BD-JhCC)5928 | ||
| 040 |
_aDLC _cDLC _dDLC _dBD-JhCC |
||
| 041 | 1 | _aengrus | |
| 050 | 0 | 0 |
_aTK2391 _b.V513 |
| 082 | 0 | 0 |
_a621.31/6 _bVIN 1966 |
| 100 | 1 |
_aVinogradov, N. V. _q(Nikolaĭ Vladimirovich) |
|
| 240 | 1 | 0 | _aObmotchik ėlektricheskikh mashin. |
| 245 | 1 | 0 |
_aElectrical machine winder / _cby N. Vinogradov. Translated from the Russian by Jacob Feinberg. |
| 260 |
_aMoscow, _bMir Publishers _c1966 |
||
| 300 |
_a400 p. _billus. _c21 cm. |
||
| 500 | _aTranslation of Obmotchik ėlektricheskikh mashin. | ||
| 650 | 0 |
_aElectric machinery _xWindings. |
|
| 700 | _aFeinberg, Jacob | ||
| 942 |
_2ddc _cBK |
||